2024年度全国十大考古新发现分布在哪里? - Statistics

General Stats
  • This quiz has been taken 4 times
  • The average score is 5 of 10
Answer Stats
项目(隐去省份+县市) 隐去部分(回答省份) % Correct
○○○○周原遗址 陕西宝鸡
100%
○○○○玛不错遗址 西藏康马
75%
○○○○盘龙城遗址 湖北黄陂
75%
○○○○下汤遗址 浙江仙居
50%
○○○○琉璃河遗址 北京房山
50%
○○○○武王墩一号墓 安徽淮南
50%
○○○○莫尔寺遗址 新疆喀什
50%
○○○○濛溪河遗址群 四川资阳
25%
○○○○寺洼遗址 甘肃临洮
25%
○○○○河泊所遗址 云南晋宁
25%
No matching quizzes found
Score Distribution
Percent of People with Each Score
Percentile by Number Answered
Your Score History
You have not taken this quiz